Detalles MARC
| 000 -ENCABEZADO |
| Número de control [NR] |
03486nam a2200325Ia 4500 |
| 005 - FECHA Y HORA DE LA ÚLTIMA TRANSACCIÓN |
| control field |
20170217084813.0 |
| 008 - DE LONGITUD FIJA DE DATOS DE ELEMENTOS - INFORMACIÓN GENERAL |
| Elementos de longitud fija [NR] |
130821k19181928ck fr 1 spa d |
| 040 ## - FUENTE DE CATALOGACION [NR] |
| Agencia de catalogación original [NR] |
Co-BoUCM |
| Idioma de catalogación [NR] |
spa |
| Quien Cataloga |
Sandra Yazo (modificó) |
| Quien Clasifica |
Sandra Yazo (modificó) |
| 041 0# - CODIGO DE IDIOMA [R] |
| Código de idioma para texto/pista de sonido o título separado [R] |
Español |
| 082 04 - NUMERO DE CLASIFICACION DECIMAL DEWEY [R] |
| Número de clasificación [R] |
808.4 |
| Número de la edición [NR] |
20 |
| 092 ## - SIGNATURA TOPOGRAFICA LOCAL |
| Número de clasificación local |
E19N100 |
| 100 1# - ASIENTO PRINCIPAL--NOMBRE PERSONAL [NR] |
| Nombre personal [NR] |
Caro, Miguel Antonio |
| Fechas asociadas con el nombre [NR] |
1843-1909 |
| ID Autoridad |
38860 |
| 245 10 - MENCION DE TITULO [NR] |
| Título [NR] |
Obras completas |
| Mención de responsabilidad, etc. [NR] |
de Don Miguel Antonio Caro |
| 250 ## - MENCION DE EDICION [NR] |
| Mención de edición [NR] |
Edicion oficial |
| Resto de la mención de edición [NR] |
hecha bajo la dirección de Victor E. Caro y Antonio Gómez Restrepo |
| 260 ## - PUBLICACION, DISTRIBUCION, ETC. (PIE DE IMPRENTA) [R] |
| Lugar de publicación, distribución, etc. [R] |
Bogotá (Colombia) |
| Nombre del editor, distribuidor, etc. [R] |
Imprenta nacional |
| Fecha de publicación, distribución, etc. [R] |
1918-1928 |
| 300 ## - DESCRIPCION FISICA [R] |
| Extensión [R] |
5 volúmenes (xii, 439 ; xxiii, [1], 399, [1] ; li, 431, [1] ; xx, 425 ; xxiii, 459 páginas) |
| Dimensiones [R] |
24 x 16 cm. |
| 500 ## - NOTA GENERAL [R] |
| Nota general [NR] |
Detalles físicos: Ej.1 sin encuadernación original actualmente con encuadernación rígida (holandesa) en cartón forrado en papel. Lomo y esquinas de las tapas en tela encolada, adornos en dorado en los V.1 – 4; el V.5 sin esquinas. Guardas. Portada impresa en una sola tinta. Texto impreso en una sola columna, notas al pie de página. Márgenes amplios. Cantos decorados. Residuos de cinta pegante. V.1: Fotografía a Blanco y negro de la escultura del autor. V.3 Ej.2 ejemplar mútilo sin tapa delantera, faltan varias hojas al inicio de la obra. V.2, V.4 y V.5 Ej.2 con la encuadernación original, tapas soletas y rotas, empiezan a desencuadernarse |
| 505 2# - NOTA DE CONTENIDO CON FORMATO PREESTABLECIDO [R] |
| Nota de contenido con formato preestablecido [NR] |
V.1: Flos poetarum – El cinco de mayo de Manzoni: Catulo : Lucrecio ; Tibulo ; Propercio ; Pseudo Galo ; Horacio ; Virgilio ; El “Cinque Maggio” -- V.2: Estudios literarios - primera serie: Carta literaria ; Aviaria Catulliana ; Afrancesamiento en literatura ; Virgilio y el nacimiento del Salvador ; Algo acerca de Horacio ; La crítica literaria ; José Eusebio Caro ; José Manuel Groot ; Fundación de la academia colombiana ; El quijote ; Virgilio -- V.3: Estudios literarios segunda serie: Miguel Antonio Caro, crítico ; Olmedo ; Joan de Castellanos ; Madrigales ; Oración de estudios ; Don Andrés Bello ; Centenario de Bello ; Centenario de Bello ; Celio Acosta ; Diego Fallón ; José María Roa Bárcena ; XIX centenario de Virgilio ; Camila (la amazona virgiliana) -- V.4: Estudios literarios tercera serie: Biografía boliviana ; Sobre el término Escuela ; Un misionero poeta ; Curiosidades literarias ; El centenario de Ricaurte ; Importantísimo descubrimiento ; Memoria histórica del general Posada ; El general Santander -- Estudios filológicos y gramaticales primera parte: Sintaxis latina ; Sintaxis general , Sintaxis particular -- V 5: Estudios filológicos y gramaticales segunda serie: Plural de los apellidos ; Reacción ortográfica ; Ortográfica Castellana ; Tratado del participio ; Diccionarios castellanos ; De la aliteración considerada como elegancia métrica ; Contradiálogo de las letras. |
| 506 ## - NOTA DE RESTRICCIONES DE ACCESO [R] |
| Condiciones de acceso [NR] |
Consulta en sala |
| 650 #7 - ASIENTO SECUNDARIO DE MATERIA - TERMINO TEMATICO [R] |
| Término temático o nombre geográfico como elemento de entrada [NR] |
Crítica literaria |
| Subdivisión geográfica [R] |
Colombia |
| 9 (RLIN) |
12204 |
| 650 #7 - ASIENTO SECUNDARIO DE MATERIA - TERMINO TEMATICO [R] |
| Término temático o nombre geográfico como elemento de entrada [NR] |
Ensayos colombianos |
| 9 (RLIN) |
14557 |
| 650 #7 - ASIENTO SECUNDARIO DE MATERIA - TERMINO TEMATICO [R] |
| Término temático o nombre geográfico como elemento de entrada [NR] |
Literatura colombiana |
| Subdivisión general [R] |
Colección de escritos |
| 9 (RLIN) |
39411 |
| 650 #7 - ASIENTO SECUNDARIO DE MATERIA - TERMINO TEMATICO [R] |
| Término temático o nombre geográfico como elemento de entrada [NR] |
Literatura colombiana |
| Subdivisión general [R] |
Crítica e interpretación, etc. |
| 9 (RLIN) |
18599 |
| 690 ## - ASUNTO AGREGADO LOCAL DE ENTRADA - TÉRMINO TEMÁTICO (OCLC, RLIN) |
| Acceso temático local |
Literatura colombiana |
| 9 (RLIN) |
18629 |
| 700 1# - ASIENTO SECUNDARIO - NOMBRE PERSONAL [R] |
| Nombre personal [NR] |
Caro , Victor E. |
| 9 (RLIN) |
62198 |
| Término de relación [R] |
editor |
| 700 1# - ASIENTO SECUNDARIO - NOMBRE PERSONAL [R] |
| Nombre personal [NR] |
Gómez Restrepo, Antonio |
| 9 (RLIN) |
1778 |
| Término de relación [R] |
editor |
| 856 41 - LOCALIZACION Y ACCESO ELECTRONICOS [R] |
| Identificador Uniforme del Recurso (“URI”) [R] |
<a href="https://archive.org/details/obrascompletasde01caro">https://archive.org/details/obrascompletasde01caro</a> |
| Nota dirigida al público [R] |
Disponible en línea V.1 |
| 856 41 - LOCALIZACION Y ACCESO ELECTRONICOS [R] |
| Identificador Uniforme del Recurso (“URI”) [R] |
<a href="https://archive.org/details/obrascompletasde02caro">https://archive.org/details/obrascompletasde02caro</a> |
| Nota dirigida al público [R] |
Disponible en línea V.2 |
| 942 ## - ELEMENTOS DE ENTRADA AGREGADOS (KOHA) |
| Tipo de ítem principal el descrito en 300a |
Libro |
| Tema principal |
18 |
| Edición |
1 |
| Sistema de clasificación |
LOCAL |
| Clasificación |
E19N100 |